Probability and statistics for engineers and scientists / (Record no. 30177)
[ view plain ]
| 000 -LEADER | |
|---|---|
| fixed length control field | 00547 a2200181 4500 |
| 003 - CONTROL NUMBER IDENTIFIER | |
| control field | NUST |
| 005 - DATE AND TIME OF LATEST TRANSACTION | |
| control field | 20180118120155.0 |
| 008 - FIXED-LENGTH DATA ELEMENTS--GENERAL INFORMATION | |
| fixed length control field | 180118b xxu||||| |||| 00| 0 eng d |
| 020 ## - INTERNATIONAL STANDARD BOOK NUMBER | |
| International Standard Book Number | 9788131715529 |
| 020 ## - INTERNATIONAL STANDARD BOOK NUMBER | |
| International Standard Book Number | 9788131715529 |
| 082 ## - DEWEY DECIMAL CLASSIFICATION NUMBER | |
| Classification number | 519.02462 |
| 100 1# - MAIN ENTRY--PERSONAL NAME | |
| Personal name | Walpole, Ronald E. |
| 9 (RLIN) | 8669 |
| 245 10 - TITLE STATEMENT | |
| Title | Probability and statistics for engineers and scientists / |
| Statement of responsibility, etc. | Ronald E. Walpole, Raymond H. Myers, Sharon L. Myers. |
| 250 ## - EDITION STATEMENT | |
| Edition statement | 8th Ed. |
| 260 ## - PUBLICATION, DISTRIBUTION, ETC. | |
| Place of publication, distribution, etc. | New Delhi |
| Name of publisher, distributor, etc. | Pearson Education |
| Date of publication, distribution, etc. | 2011. |
| 300 ## - PHYSICAL DESCRIPTION | |
| Extent | 665 p. ; |
| Dimensions | 24 cm. |
| 700 1# - ADDED ENTRY--PERSONAL NAME | |
| Personal name | Myers, Raymond H. |
| 9 (RLIN) | 8670 |
| 700 1# - ADDED ENTRY--PERSONAL NAME | |
| Personal name | Myers, Sharon L. |
| 9 (RLIN) | 8671 |
| 942 ## - ADDED ENTRY ELEMENTS (KOHA) | |
| Institution code [OBSOLETE] | SNS |
| Koha item type | Book |
| Call number prefix | 519.02462 WAL |
| Source of classification or shelving scheme | |
| Withdrawn status | Lost status | Damaged status | Not for loan | Permanent Location | Current Location | Date acquired | Total Checkouts | Full call number | Barcode | Date last seen | Date last checked out | Price effective from | Koha item type | Source of classification or shelving scheme | Shelving location |
|---|---|---|---|---|---|---|---|---|---|---|---|---|---|---|---|
| School of Natural Sciences (SNS) | School of Natural Sciences (SNS) | 05/26/2016 | 1 | 519.02462 WAL | SNS0001808 | 12/05/2017 | 10/11/2017 | 05/26/2016 | Book | ||||||
| School of Natural Sciences (SNS) | School of Natural Sciences (SNS) | 05/26/2016 | 519.02462 WAL | SNS0001806 | 05/26/2016 | 05/26/2016 | Book | ||||||||
| Not For Loan | School of Natural Sciences (SNS) | School of Natural Sciences (SNS) | 05/26/2016 | 519.02462 WAL | SNS0001807 | 05/26/2016 | 05/26/2016 | Book | Reference | ||||||
| School of Natural Sciences (SNS) | School of Natural Sciences (SNS) | 05/26/2016 | 519.02462 WAL | SNS0001809 | 05/26/2016 | 05/26/2016 | Book |
